Wszystkie stacje Linii C Praskiego Metra - Statystyki

Ogólne statystyki
  • Ten quiz został rozwiązany 66 razy
  • Średni wynik to 12 z 20
Odpowiedzi na mapie
Odpowiedzi zakodowano w zielono-czerwonej skali na mapie do tego quizu, zgodnie z poniższymi procentami.
 
Statystyki odpowiedzi
Stacja % Poprawnych
Muzeum
95%
Florenc
86%
Háje
76%
Hlavní nádraží
76%
Letňany
76%
I. P. Pavlova
71%
Vyšehrad
67%
Chodov
62%
Nádraží Holešovice
62%
Opatov
57%
Pankrác
57%
Pražskéhopovstání
57%
Budějovická
52%
Kačerov
52%
Kobylisy
52%
Prosek
52%
Roztyly
48%
Vltavská
48%
Ládví
43%
Střížkov
38%
Nie znaleziono quizów pasujących do podanych kryteriów
Rozkład punktacji
Procent ludzi z każdym wynikiem
Percentyl według liczby udzielonych odpowiedzi
Twoja historia wyników
Nie rozwiązałeś tego quizu